Newman-breviárium
Elmentve itt :
| Szerző: | |
|---|---|
| További közreműködők: | |
| Adatforrás: | Philobibl |
| Dokumentumtípus: | Könyv |
| Nyelv: | magyar |
| Kulcsszavak: | filozófia apologetika dogmatika teológia kereszténység elmélkedés Newman, John Henry |
| Megjelent: |
Budapest
Szent István Társ.
2002
|
| Sorozat: | Szent István könyvek
|
| LEADER | 00630nam a2200229 c 4500 | ||
|---|---|---|---|
| 001 | bibPHI0042017 | ||
| 005 | 20240212145840.5 | ||
| 008 | 200924s2002 hu b hun d | ||
| 100 | 1 | |a Newman, John Henry | |
| 245 | 1 | 0 | |a Newman-breviárium |c [vál. és ford. Salacz Gábor] |
| 260 | |a Budapest |b Szent István Társ. |c 2002 | ||
| 300 | |a 439 p. | ||
| 490 | 1 | |a Szent István könyvek |v [6.] | |
| 695 | |a filozófia | ||
| 695 | |a apologetika | ||
| 695 | |a dogmatika | ||
| 695 | |a teológia | ||
| 695 | |a kereszténység | ||
| 695 | |a elmélkedés | ||
| 695 | |a Newman, John Henry | ||
| 700 | 1 | |a Salacz Gábor | |
| 830 | 0 | |a Szent István könyvek | |